Trong vùng tam giác sắt Tiểu thuyết Tập 2

Bewaard in:
Bibliografische gegevens
Hoofdauteur: Nam, Hà
Formaat: Boek
Taal:English
Gepubliceerd in: Hà Nội Hội Nhà văn 2014
Reeks:Tác phẩm văn học được giải thưởng Nhà nước
Onderwerpen:
Tags: Voeg label toe
Geen labels, Wees de eerste die dit record labelt!
Thư viện lưu trữ: Trung tâm Học liệu Lê Vũ Hùng, Trường Đại học Đồng Tháp
LEADER 00941pam a22002658a 4500
001 00042125
008 170505s1996 ||||||engsd
005 20180815160825.0
020 # # |a 9786045326268 
041 0 # |a Vie 
082 0 4 |b TR431V  |a 895.922 334 
100 1 # |a Nam, Hà 
245 1 0 |n Tập 2  |b Tiểu thuyết  |c Nam Hà  |a Trong vùng tam giác sắt 
260 # # |a Hà Nội  |b Hội Nhà văn  |c 2014 
300 # # |a 423 tr.  |c 21 cm  |b ảnh 
490 # # |a Tác phẩm văn học được giải thưởng Nhà nước 
500 # # |a Tên thật tác giả: Nguyễn Anh Công 
653 # # |a Giải thưởng 
653 # # |a Tiểu thuyết 
653 # # |a Tác phẩm 
653 # # |a Việt Nam 
653 # # |a Văn học hiện đại 
852 # # |j KM.0025524  |j KD.0024721  |j KM.0025980 
910 |d 15/08/2018 
980 # # |a Trung tâm Học liệu Lê Vũ Hùng, Trường Đại học Đồng Tháp